000 00891cam a2200265 a 4500
001 31557
003 BD-RjUL
005 20211209051722.0
008 140420s19681967enk b 001 0 eng d
020 _a0041000161
035 _a(OCoLC)229904648
_a(BD-RjUL)31645
040 _aDLC
_cDLC
_dm.c
_beng
041 _aeng
082 _a200.1
_bFEB 1968
100 1 _aFerre, Frederick.
_996043
245 1 0 _aBasic modern philosophy of religion /
_cFrederick Ferre.
260 _aLondon :
_bAllen & Unwin,
_cc1967 [Reprint 1968].
300 _aviii, 465 p. ;
_c23 cm.
504 _aIncludes bibliographical references and indexes
505 0 _aPt. 1. Meanings and methods -- pt. 2. Modern philosophy and belief in God -- pt. 3. Contemporary issues of metareligious thought.
650 0 _aReligion
_xPhilosophy
_94031
942 _2ddc
_cBK
999 _c31557
_d31557